100 joueurs tunisiens avec la plus grosse valeur marchande - Statistiques

Statistiques générales
  • Ce quiz a été pris 148 fois
  • Le résultat moyen est 17 sur 100
Statistiques - réponses
Club Prix Réponse % Correct
Manchester United 12 millions Hannibal Mejbri
81%
Montpellier 2,5 millions Wahbi Khazri
77%
Eintracht Francfort 13 millions Ellyes Skhiri
75%
FC Lorient 8 millions Montassar Talbi
70%
Union Berlin 10 millions Aïssa Laïdouni
67%
Al-Ahly 1,2 millions Ali Maâloul
64%
Al-Arabi 900k Youssef Msakni
63%
FC Copenhague 2,5 millions Elias Achouri
49%
Zamalek 1 million Seifeddine Jaziri
49%
ES Sahel 600k Assil Jaziri
48%
SM Caen 1,5 millions Ali Abdi
44%
Ferencvaros 2,5 millions Mohamed Ali Ben Romdhane
44%
Espérance Tunis 2 millions Yassine Meriah
44%
Sheffield United 2,5 millions Anis Ben Slimane
41%
Al-Hazem 800k Aymen Dahmen
39%
Al-Gharafa 1,5 millions Ferjani Sassi
38%
Al-Ahli SC 4,5 millions Naïm Sliti
38%
Lecce 1,5 millions Hamza Rafia
37%
US Monastir 1 million Bechir Ben Said
35%
El Masry SC 600k Fakhreddine Ben Youssef
35%
Abha Club 2,8 millions Saad Bguir
33%
Salernitana 1,5 millions Dylan Bronn
31%
FC St.Pauli 2 millions Elias Saad
31%
Angers 2 millions Yan Valery
31%
Atromitos 800k Wajdi Kechrida
29%
FC Bâle 700k Mohamed Dräger
27%
Club Africain 550k Mouez Hassen
26%
Stade Tunisien 600k Haythem Jouini
24%
Kasimpasa 1,5 millions Mortadha Ben Ouanes
24%
Espérance Tunis 500k Mohamed Ben Ali
23%
Ajman Club 600k Nader Ghandri
23%
ES Sahel 500k Moez Ben Haj Ali
22%
Zamalek 600k Hamza Mathlouthi
20%
Kuwait SC 600k Taha Yassine Khenissi
20%
CS Sfaxien 800k Alaa Ghram
15%
Espérance Tunis 850k Houssem Tka
15%
Espérance Tunis 500k Mootez Zaddem
15%
FC Winterthur 1 million Sayfallah Ltaief
14%
Gamba Osaka 500k Issam Jebali
13%
BK Häcken 900k Amor Layouni
12%
Stade Lavallois 1 million Amin Cherni
11%
Espérance Tunis 900k Ghaylen Chaalali
11%
Ajman Club 1 million Haykeul Chikhaoui
11%
Greuther Fürth 600k Oussama Haddadi
11%
Club Africain 600k Ahmed Khalil
10%
Olympique Lyonnais 500k Chaïm El Djebali
10%
El Masry SC 1 million Elyes Jelassi
10%
Club Africain 600k Hamdi Labidi
10%
ES Sahel 500k Hamza Jelassi
10%
Espérance Tunis 750k Mohamed Ali Ben Hammouda
10%
Club Africain 500k Chiheb Labidi
9%
Lugano 1 million Hadj Mahmoud
9%
Wigan 600k Omar Rekik
9%
Espérance Tunis 650k Oussema Bouguerra
9%
Khor Fakkan 2 millions Saîf-Eddine Khaoui
9%
Club Africain 550k Skander Labidi
9%
Espérance Tunis 600k Mohamed Amine Ben Hamida
8%
ES Sahel 850k Oussama Abid
8%
Stade Tunisien 450k Bilel Mejri
7%
ES Sahel 500k Raki Aouani
7%
Sharjah FC 4 millions Firas Ben Larbi
6%
Espérance Tunis 600k Mohamed Wael Derbali
6%
ES Sahel 600k Youssef Abdelli
6%
ES Sahel 550k Ali Jemal
5%
Al-Faisaly FC 550k Larry Azouni
5%
Chamois Niortais 500k Moataz Zemzemi
4%
Espérance Tunis 600k Moez Ben Cherifia
4%
Espérance Tunis 550k Oussema Shili
3%
Club Africain 500k Rached Arfaoui
3%
Club Africain 550k Adem Garreb
2%
US Monastir 650k Alaeddine Dridi
2%
Modern Future FC 500k Aymen Sfaxi
2%
Al-Ahly 1 million Cresto
2%
US Monastir 475k Hichem Baccar
2%
CS Sfaxien 450k Mahmoud Ghorbel
2%
Club Africain 550k Mohamed Amine Hamrouni
2%
CS Sfaxien 700k Mohamed Nasraoui
2%
Espérance Tunis 600k Mohamed Sedki Debchi
2%
Zalgiris Vilnius 500k Nassim Hnid
2%
CS Sfaxien 500k Achref Habbassi
1%
Hassania d'Agadir 600k Fedi Ben Choug
1%
Stade Tunisien 500k Ghazi Ayadi
1%
Stade Tunisien 450k Hamza Khadraoui
1%
Club Africain 450k Houssem Eddine Souissi
1%
US Monastir 650k Idriss Mhirsi
1%
ES Sahel 600k Louay Ben Hassine
1%
Stade Tunisien 500k Sanad Khemissi
1%
CS Sfaxien 550k Wadhah Zaidi
1%
Kuwait SC 550k Yassine Amri
1%
ES Sahel 600k Yassine Chamakhi
1%
ES Sahel 550k Achraf Krir
0%
Al-Wahda 900k Alaeddine Zoubir
0%
US Ben Guerdane 450k Ayoub Tlili
0%
US Ben Guerdane 550k Chaouki Ben Khader
0%
Stade Tunisien 500k Fakhreddine Ouji
0%
CS Sfaxien 500k Mohamed Salah Mhadhebi
0%
Al-Faisaly SC 500k Rafik Kamergi
0%
US Monastir 600k Wael Ben Othmane
0%
Stade Tunisien 550k Wissam Bousnina
0%
US Monastir 600k Zied Aloui
0%
Aucun quiz correspondant
Distribution des résultats
% des personnes avec chaque résultat
Percentile par nombre de réponses
Votre historique - résultats
Vous n’avez pas pris ce quiz